Megha dristi alo (Record no. 6396)

MARC details
000 -LEADER
fixed length control field 00477cam a2200205ua 4500
001 - CONTROL NUMBER
control field 7276
005 - DATE AND TIME OF LATEST TRANSACTION
control field 20260515114200.0
008 - FIXED-LENGTH DATA ELEMENTS--GENERAL INFORMATION
fixed length control field 141218n ii |||gr||||Z||||||ben
020 ## - INTERNATIONAL STANDARD BOOK NUMBER
International Standard Book Number 817079191X
040 ## - CATALOGING SOURCE
Transcribing agency MAIN
041 ## - LANGUAGE CODE
Language code of text/sound track or separate title ben
082 ## - DEWEY DECIMAL CLASSIFICATION NUMBER
Classification number 891.443
100 ## - MAIN ENTRY--PERSONAL NAME
Personal name Gangopadhyay, S.,
Relator term Author.
245 ## - TITLE STATEMENT
Title Megha dristi alo
Statement of responsibility, etc. By Sunil Gangopadhyay
250 ## - EDITION STATEMENT
Edition statement 6th rev.
260 ## - PUBLICATION, DISTRIBUTION, ETC.
Place of publication, distribution, etc. Calcutta:
Name of publisher, distributor, etc. Dey,
Date of publication, distribution, etc. 2003.
300 ## - PHYSICAL DESCRIPTION
Extent 151p.
653 ## - INDEX TERM--UNCONTROLLED
Uncontrolled term Bengali novels
942 ## - ADDED ENTRY ELEMENTS (KOHA)
Koha item type Books
Holdings
Withdrawn status Lost status Damaged status Not for loan Home library Current library Shelving location Date acquired Total checkouts Full call number Barcode Date last seen Copy number Price effective from Koha item type
        Naharkatiya College Library Naharkatiya College Library General stacks 09/19/2020   891.443 | GAN 18700 09/19/2020 4 09/19/2020 Books
        Naharkatiya College Library Naharkatiya College Library General stacks 09/19/2020   891.443 | GAN 18701 09/19/2020 3 09/19/2020 Books
        Naharkatiya College Library Naharkatiya College Library General stacks 09/19/2020   891.443 | GAN 18702 09/19/2020 1 09/19/2020 Books
        Naharkatiya College Library Naharkatiya College Library General stacks 09/19/2020   891.443 | GAN 18703 09/19/2020 2 09/19/2020 Books